[Event "Belgrade-chT"]
[Site "Belgrade"]
[Date "2012.10.04"]
[Round "4.3"]
[White "Pantovic, Dragan M"]
[Black "Rodic, Dragan"]
[Result "1-0"]
[WhiteElo "2138"]
[BlackElo "2071"]
[PlyCount "105"]
[EventDate "2012.10.01"]
[EventType "team-tourn"]
[EventRounds "11"]
[EventCountry "SRB"]
[SourceTitle "CBM 150 Extra"]
[Source "ChessBase"]
[SourceDate "2012.10.19"]
[SourceVersion "1"]
[SourceVersionDate "2012.10.19"]
[SourceQuality "1"]
[WhiteTeam "Cyril i Metodije"]
[BlackTeam "Belgrade EDB"]
[WhiteTeamCountry "SRB"]
[BlackTeamCountry "SRB"]

1. Nf3 d5 2. d4 Nf6 3. c4 dxc4 4. e3 e6 5. Bxc4 Be7 6. 0-0 0-0 7. Nc3 b6 8. Qe2 Bb7 9. e4 a5 10. Bf4 c6 11. a3 Nfd7 12. Rad1 b5 13. Bb3 Ba6 14. Nb1 Re8 15. Rfe1 a4 16. Bc2 b4 17. Bd3 Bxd3 18. Qxd3 Na6 19. Qc2 Nab8 20. d5 exd5 21. exd5 c5 22. d6 Bf6 23. Rxe8+ Qxe8 24. Re1 Qd8 25. Nbd2 Nc6 26. Ne4 Nd4 27. Nxd4 cxd4 28. axb4 d3 29. Qxd3 Bxb2 30. Ng5 g6 31. Qd5 Qf8 32. Nxf7 Re8 33. Ng5+ Kh8 34. Be3 a3 35. Bd4+ Bxd4 36. Qxd4+ Kg8 37. Qc4+ Kh8 38. Qc3+ Kg8 39. Qb3+ Kh8 40. Qc3+ Kg8 41. Rd1 Qf5 42. h4 h6 43. Qb3+ Kg7 44. Nf3 Ra8 45. Ra1 Qf4 46. Qc3+ Qf6 47. Rxa3 Rxa3 48. Qxa3 Qxd6 49. Qa1+ Kh7 50. Qd4 Qc6 51. Ne5 Qc1+ 52. Kh2 Qc7 53. Qxd7+ 1-0

[Event "SRB Central-ch op-A 4th"]
[Site "Paracin"]
[Date "2011.07.15"]
[Round "9"]
[White "Sarenac, Ivan"]
[Black "Rodic, Dragan"]
[Result "1-0"]
[WhiteElo "2315"]
[BlackElo "2063"]
[PlyCount "101"]
[EventDate "2011.07.08"]
[EventType "swiss"]
[EventRounds "9"]
[EventCountry "SRB"]
[SourceTitle "CBM 143 Extra"]
[Source "ChessBase"]
[SourceDate "2011.08.29"]
[SourceVersion "1"]
[SourceVersionDate "2011.08.29"]
[SourceQuality "1"]

1. e4 c5 2. Nf3 d6 3. d4 cxd4 4. Nxd4 a6 5. Nc3 e6 6. Be3 Qc7 7. g4 Bd7 8. f4 Nc6 9. Qf3 Nxd4 10. Bxd4 Ne7 11. 0-0-0 Nc6 12. Bf2 Be7 13. Bd3 Bf6 14. Ne2 Qa5 15. Kb1 Rc8 16. Be1 Qc7 17. g5 Be7 18. h4 b5 19. h5 e5 20. Nc3 exf4 21. Qxf4 Be6 22. Nd5 Bxd5 23. exd5 Ne5 24. Bf5 Rd8 25. Bc3 h6 26. gxh6 Rxh6 27. Bd2 Rh8 28. h6 g6 29. Bh3 Qc4 30. Qe3 f5 31. Bc1 Qc8 32. Rhg1 Kf7 33. Rdf1 Rdf8 34. Qe2 Kg8 35. Qh5 Kh7 36. Rxf5 Qe8 37. Qe2 Rhg8 38. Rff1 Rxf1 39. Rxf1 Rf8 40. Rg1 Qf7 41. Bg2 Qf2 42. Qd1 Nf3 43. Bxf3 Rxf3 44. Re1 Bf6 45. Re6 Rg3 46. Re2 Qf5 47. Qe1 Rf3 48. Qa5 Be5 49. Re1 Rf2 50. Qc7+ Kg8 51. Rxe5 1-0

[Event "SRB Central-ch op-A 4th"]
[Site "Paracin"]
[Date "2011.07.12"]
[Round "6"]
[White "Rodic, Dragan"]
[Black "Livaja, Mario"]
[Result "1/2-1/2"]
[WhiteElo "2063"]
[BlackElo "2267"]
[PlyCount "133"]
[EventDate "2011.07.08"]
[EventType "swiss"]
[EventRounds "9"]
[EventCountry "SRB"]
[SourceTitle "CBM 143 Extra"]
[Source "ChessBase"]
[SourceDate "2011.08.29"]
[SourceVersion "1"]
[SourceVersionDate "2011.08.29"]
[SourceQuality "1"]

1. d4 Nf6 2. Nf3 g6 3. g3 Bg7 4. Bg2 0-0 5. b3 d6 6. Bb2 Nc6 7. 0-0 e5 8. dxe5 Ng4 9. Nbd2 Ngxe5 10. Nxe5 Nxe5 11. Kh1 Qe7 12. Nf3 Re8 13. Nxe5 dxe5 14. e4 Bd7 15. Qe2 Bc6 16. c4 Rad8 17. Rad1 h5 18. Rxd8 Rxd8 19. Rd1 Rd6 20. h4 Qd7 21. Rxd6 Qxd6 22. Bc3 Bh6 23. Kh2 Bd7 24. Bf3 Bc1 25. Qd1 Qxd1 26. Bxd1 f6 27. Bc2 Kf7 28. Kg2 Ke6 29. f3 g5 30. hxg5 fxg5 31. c5 Kf6 32. Bd3 Be3 33. Ba5 b6 34. cxb6 cxb6 35. Be1 Be6 36. Kf1 Ke7 37. Bb4+ Kf6 38. Kg2 Bc5 39. Bd2 a5 40. Bb5 Bd4 41. Be1 Ke7 42. Bd2 Kf6 43. Kh2 Bf7 44. Bd7 Be6 45. Bc6 Bc5 46. Kg2 Bf7 47. Bd7 Ke7 48. Bb5 Kf6 49. Bd7 Bg6 50. Bc6 Bd6 51. Be3 Bc7 52. Bd7 Ke7 53. Bb5 g4 54. Bg5+ Kd6 55. Bd3 gxf3+ 56. Kxf3 Kc5 57. Ke3 Kb4 58. Be7+ Kc3 59. Bc4 a4 60. Bd5 b5 61. bxa4 bxa4 62. Bc6 Bb6+ 63. Kf3 Kd4 64. Ba3 Bc7 65. Bb2+ Kd3 66. Bb5+ Kc2 67. Ba3 1/2-1/2

[Event "SRB Central-ch op-A 4th"]
[Site "Paracin"]
[Date "2011.07.09"]
[Round "2"]
[White "Rodic, Dragan"]
[Black "Wilke, Werner"]
[Result "0-1"]
[WhiteElo "2063"]
[BlackElo "2198"]
[PlyCount "132"]
[EventDate "2011.07.08"]
[EventType "swiss"]
[EventRounds "9"]
[EventCountry "SRB"]
[SourceTitle "CBM 143 Extra"]
[Source "ChessBase"]
[SourceDate "2011.08.29"]
[SourceVersion "1"]
[SourceVersionDate "2011.08.29"]
[SourceQuality "1"]

1. d4 d5 2. c4 c6 3. cxd5 cxd5 4. Nf3 Nf6 5. e3 Nc6 6. Nc3 e6 7. a3 Bd6 8. b4 0-0 9. Be2 a6 10. Bb2 e5 11. dxe5 Nxe5 12. Na4 Nc4 13. Bd4 b5 14. Nc5 Nd7 15. Nd3 Re8 16. 0-0 Nf8 17. Nc5 Ne6 18. Nb3 Nxd4 19. Nbxd4 Bd7 20. Nb3 Bf5 21. g3 Be4 22. Nbd2 Bf5 23. Nd4 Bh3 24. Re1 Rc8 25. Bf3 Be5 26. N2b3 Bf6 27. Bg4 Bxg4 28. Qxg4 g6 29. Ra2 h5 30. Qf3 Ne5 31. Qg2 Qd6 32. Nc5 Nc4 33. Rd1 Re7 34. a4 bxa4 35. Nc2 Rd8 36. Nxa4 Rc7 37. Nc5 a5 38. Ne4 Qe7 39. Nxf6+ Qxf6 40. bxa5 Nb2 41. Rd2 Qc3 42. f3 Nc4 43. Re2 Nxa5 44. Qf2 Rb8 45. Kg2 Nb3 46. Nd4 Nxd4 47. exd4 Rc4 48. Rac2 Qxd4 49. Qxd4 Rxd4 50. Rc7 Rc4 51. Rd7 d4 52. Ree7 Rf8 53. f4 Kg7 54. Kf3 Kf6 55. Ke4 Rc2 56. Kxd4 Rxh2 57. Ke3 Ra2 58. Kf3 Ra3+ 59. Kg2 Ra6 60. Rb7 Rc6 61. Rec7 Rd6 62. Kh3 Rd3 63. Rb6+ Kf5 64. Rc5+ Ke4 65. Re5+ Kf3 66. Rb1 Re3 0-1

[Event "SRB Central-ch op-A 4th"]
[Site "Paracin"]
[Date "2011.07.09"]
[Round "3"]
[White "Steiner, Bruno"]
[Black "Rodic, Dragan"]
[Result "1-0"]
[WhiteElo "2207"]
[BlackElo "2063"]
[PlyCount "90"]
[EventDate "2011.07.08"]
[EventType "swiss"]
[EventRounds "9"]
[EventCountry "SRB"]
[SourceTitle "CBM 143 Extra"]
[Source "ChessBase"]
[SourceDate "2011.08.29"]
[SourceVersion "1"]
[SourceVersionDate "2011.08.29"]
[SourceQuality "1"]

1. d4 d5 2. Bf4 Nf6 3. e3 e6 4. Nf3 Be7 5. h3 b6 6. Bb5+ Bd7 7. Bd3 c5 8. c3 a6 9. 0-0 Bc6 10. Ne5 Bb7 11. Nd2 Nc6 12. Qc2 Rc8 13. Nxc6 Rxc6 14. Be5 h6 15. f4 c4 16. Be2 g6 17. g4 Rg8 18. g5 Nd7 19. gxh6 Nxe5 20. fxe5 Bg5 21. Rf3 Bxh6 22. Raf1 Rc7 23. Kh1 b5 24. R1f2 Qh4 25. Kg2 Bg5 26. Nf1 Rh8 27. Nh2 Rh7 28. Rg3 Be7 29. Rf4 Qh6 30. Ng4 Qg7 31. Nf6+ Bxf6 32. Rxf6 Re7 33. a4 Kd7 34. Bg4 Bc6 35. axb5 axb5 36. Rgf3 Qh8 37. Qf2 Qg8 38. Qf1 Kc7 39. Qa1 Qa8 40. Qxa8 Bxa8 41. Rf1 Bc6 42. Kg3 Kb6 43. Ra1 Rh8 44. Rff1 Ra8 45. Rxa8 Bxa8 1-0

[Event "SRB Central-ch op-A 4th"]
[Site "Paracin"]
[Date "2011.07.08"]
[Round "1"]
[White "Doric, Nenad"]
[Black "Rodic, Dragan"]
[Result "1-0"]
[WhiteElo "2322"]
[BlackElo "2063"]
[PlyCount "105"]
[EventDate "2011.07.08"]
[EventType "swiss"]
[EventRounds "9"]
[EventCountry "SRB"]
[SourceTitle "CBM 143 Extra"]
[Source "ChessBase"]
[SourceDate "2011.08.29"]
[SourceVersion "1"]
[SourceVersionDate "2011.08.29"]
[SourceQuality "1"]

1. d4 d5 2. c4 e6 3. Nc3 Nf6 4. cxd5 exd5 5. Bg5 Be7 6. e3 0-0 7. Bd3 Re8 8. Qc2 Nbd7 9. Nf3 Nf8 10. h3 c6 11. Bf4 Bd6 12. Bxd6 Qxd6 13. 0-0-0 Qe7 14. g4 b6 15. Ne5 Bb7 16. g5 N6d7 17. Nxd7 Qxd7 18. h4 Qe7 19. Rhg1 Rec8 20. h5 c5 21. Bf5 Rc7 22. Kb1 g6 23. hxg6 fxg6 24. Bh3 a6 25. dxc5 Rxc5 26. Rd4 Bc8 27. Bxc8 Raxc8 28. Qb3 Ne6 29. Rxd5 R5c6 30. f4 Kh8 31. Re5 Qd7 32. Rd1 Qf7 33. Qd5 Nd8 34. Qxf7 Nxf7 35. Re7 Nd6 36. Re6 Nc4 37. Rxc6 Rxc6 38. Rd8+ Kg7 39. Rd7+ Kg8 40. e4 Na3+ 41. Kc1 b5 42. Kd2 Nc4+ 43. Ke2 Nxb2 44. Nd5 Rc2+ 45. Kf3 Nc4 46. Nf6+ Kf8 47. Nxh7+ Kg8 48. Nf6+ Kf8 49. e5 Rc3+ 50. Ke4 Re3+ 51. Kd4 Re1 52. Ra7 Rd1+ 53. Kc5 1-0

[Event "Belgrade Trophy 23rd"]
[Site "Obrenovac"]
[Date "2010.11.30"]
[Round "7"]
[White "Rodic, Dragan"]
[Black "Rakic, Teodora"]
[Result "1/2-1/2"]
[WhiteElo "2113"]
[BlackElo "1696"]
[PlyCount "94"]
[EventDate "2010.11.24"]
[EventType "swiss"]
[EventRounds "9"]
[EventCountry "YUG"]
[SourceTitle "CBM 139 Extra"]
[Source "ChessBase"]
[SourceDate "2011.01.05"]
[SourceVersion "1"]
[SourceVersionDate "2011.01.05"]
[SourceQuality "1"]

1. d4 Nf6 2. c4 g6 3. Nc3 Bg7 4. e4 d6 5. Be2 0-0 6. Be3 a5 7. h4 h5 8. f3 Nbd7 9. Nh3 e5 10. d5 Qe7 11. Qd2 Rd8 12. Nf2 Nf8 13. g4 N8h7 14. 0-0-0 Ra6 15. Rdg1 c6 16. a4 Qf8 17. Nh3 Kh8 18. Ng5 Bd7 19. Nxh7 Kxh7 20. Kb1 Qe7 21. Bg5 Qf8 22. Rh2 Raa8 23. Rhg2 c5 24. b3 b6 25. Bd3 Rdc8 26. Ne2 Ne8 27. gxh5 gxh5 28. Ng3 f6 29. Be3 Qf7 30. Nf5 Bxf5 31. exf5 Rc7 32. Rg6 Qf8 33. f4 Bh6 34. fxe5 Bxe3 35. Qxe3 dxe5 36. Be2 Nd6 37. Qf3 Kh8 38. Qxh5+ Rh7 39. Qg4 Rh6 40. h5 Nf7 41. Qh4 Ng5 42. R1xg5 fxg5 43. Qxg5 Rxg6 44. hxg6 Kg7 45. Qh5 Qh8 46. Qg5 Qf8 47. Qh5 Qh8 1/2-1/2

[Event "Belgrade Summer op"]
[Site "Belgrade"]
[Date "2009.06.09"]
[Round "7"]
[White "Rodic, Dragan"]
[Black "Maksimovic, Marko"]
[Result "1/2-1/2"]
[WhiteElo "2104"]
[BlackElo "2214"]
[PlyCount "89"]
[EventDate "2009.06.02"]
[EventType "swiss"]
[EventRounds "9"]
[EventCountry "SRB"]
[SourceTitle "EXT 2019"]
[Source "ChessBase"]
[SourceDate "2018.10.10"]
[SourceVersion "1"]
[SourceVersionDate "2018.10.10"]
[SourceQuality "1"]

1. d4 Nf6 2. c4 g6 3. Nc3 d5 4. cxd5 Nxd5 5. e4 Nxc3 6. bxc3 Bg7 7. Nf3 0-0 8. Bc4 c5 9. 0-0 Nc6 10. e5 Bg4 11. Be3 Bxf3 12. gxf3 e6 13. f4 cxd4 14. cxd4 Qh4 15. Bb5 Ne7 16. Be2 Nd5 17. Bf3 Nxf4 18. Bxb7 Rad8 19. Qf3 Bh6 20. Kh1 Nd5 21. Bxd5 Rxd5 22. Qg3 Qh5 23. h3 Kg7 24. Rac1 Qf5 25. Qg4 Rfd8 26. Rc7 R8d7 27. Qxf5 exf5 28. Rxd7 Rxd7 29. f4 f6 30. Kg2 fxe5 31. dxe5 Rd3 32. Re1 Kf7 33. Kf2 Ke6 34. Rc1 Kd7 35. Ke2 Ra3 36. Rd1+ Ke8 37. Rd2 Ra4 38. Kf3 Bf8 39. Rc2 Kd7 40. Rd2+ Ke6 41. Rc2 Be7 42. Rc6+ Kd7 43. Rc2 Ra6 44. Rb2 Kc6 45. Rc2+ 1/2-1/2